000 01205cam a2200253a 44500
003 OSt
005 20150408113952.0
008 030618s1997 le g b 000r0 ara d
040 _amu
_cara
_bmb
041 _aara
072 7 _a028
_xالشريعة الإسلامية والفقه الإسلامي
082 0 4 _a237.3
092 _a237.3
_bق ج و
100 1 _aابن قيم الجوزية، محمد بن أبي بكر بن أيوب،
_d691-751 هـ.
_9220
245 1 2 _aالوابل الصيب ورافع الكلم الطيب /
_cتأليف شمس الدين أبي عبد الله محمد بن الشيخ أبي بكر المعروف ابن قيم الجوزية ؛ اعتنى به الأنصارى اسماعيل محم
250 _aط. 3.
260 _aالرياض
_bرئاسة اداراة البحوث العلمية والأفتاء والدعوة والأرشاد
_c2006
300 _a320 ص. ؛
_c320 سم.
504 _aيشتمل على إرجاعات ببليوجرافية.
650 _aالأدعية (إسلام)
_2aucsh.1
_9302
650 _aالوعظ والإرشاد
_9303
700 _aالأنصارى , اسماعيل بن محمد
_eمعتني.\\
_9304
942 _2ddc
_cBOOK
999 _c19096
_d253596